000
00252nam a2200097Ia 4500
005
20251222114347.0
008
251222s1900||||xx |||||||||||||| ||spa||
082
_a
DVD0010/H97/1969
245
0
_a
Donde las águilas se atreven:Where Eagles Dare
942
_c
DVD
999
_c
1078
_d
1078